Petitiones de Assumptione corporea B.V. Mariae in caelum definienda ad Sanctam Sedem deletae. (Record n. 17648)

Dettagli MARC
000 -LEADER
fixed length control field 00631nam a2200241Ia 4500
003 - CONTROL NUMBER IDENTIFIER
control field IT-RoPAU
008 - FIXED-LENGTH DATA ELEMENTS--GENERAL INFORMATION
fixed length control field 120407s9999 xx 000 0 und d
040 ## - CATALOGING SOURCE
Original cataloging agency IT-RoPAU
040 ## - CATALOGING SOURCE
Transcribing agency IT-RoPAU
041 ## - LANGUAGE CODE
Language code of text/sound track or separate title lat
100 ## - MAIN ENTRY--PERSONAL NAME
Personal name Rudolfo Gualtero de Moos
100 ## - MAIN ENTRY--PERSONAL NAME
Titles and words associated with a name coll.
245 ## - TITLE STATEMENT
Title Petitiones de Assumptione corporea B.V. Mariae in caelum definienda ad Sanctam Sedem deletae.
250 ## - EDITION STATEMENT
Edition statement Vaticano
260 ## - PUBLICATION, DISTRIBUTION, ETC. (IMPRINT)
Place of publication, distribution, etc. Vaticana
260 ## - PUBLICATION, DISTRIBUTION, ETC. (IMPRINT)
Date of publication, distribution, etc. 1942
300 ## - PHYSICAL DESCRIPTION
Dimensions 27,5 cm
490 ## - SERIES STATEMENT
Volume/sequential designation 1
600 ## - SUBJECT ADDED ENTRY--PERSONAL NAME
Personal name "1° v. XLIV, 1061 p. 2° v. XVI, 1110 p."
700 ## - ADDED ENTRY--PERSONAL NAME
Personal name Guilhelmo Hentrich
942 ## - ADDED ENTRY ELEMENTS (KOHA)
Koha item type LIBRO
Dati di copia
Withdrawn status Lost status Source of classification or shelving scheme Damaged status Not for loan Home library Current library Date acquired Total Checkouts Full call number Date last seen Price effective from Koha item type Public note
    Dewey Decimal Classification Buone Condizioni Not For Loan PAULUS-BIBLIOTECA PAULUS-BIBLIOTECA 11/04/2012   243.65 11/04/2012 11/04/2012 LIBRO Inserito da: Jole In data: 12 settembre 2011 fondo: Via A.Severo 56 Progr:29026
CREDITS: SOCIETA' SAN PAOLO Via A.Severo, 58 - ROMA (RM) & PERIODICI SAN PAOLO SRL Via Giotto, 36 MILANO & CISF Via Giotto, 36 MILANO & EDIZIONI SAN PAOLO SRL,  Piazza Soncino, 5 CINISELLO BALSAMO (MI) -- ITALY